| 000 | 01087nam a22002777a 4500 | ||
|---|---|---|---|
| 001 | 8976 | ||
| 003 | FISKH | ||
| 005 | 20251112105912.0 | ||
| 008 | 251112b cb ||||| |||| 00| 0 eng d | ||
| 020 | _a9780618599493 | ||
| 040 |
_aFISKH _beng _cFISKH _dFISKH |
||
| 050 | _aPZ7 | ||
| 082 | _a363.7282 | ||
| 100 |
_aDillon, Susan _eAuthor |
||
| 245 |
_aSchool recyclers / _cBy Susan Dillon ; Illustrated by Tara Larsen Chang |
||
| 260 |
_aBoston : _bHoughton Mifflin , _c2006 |
||
| 300 |
_a16 pages : _bcolor illustrations ; _c21 cm |
||
| 505 | _aG | ||
| 520 | _aSchool Recyclers explains how students and teachers work together to keep their school clean and protect the planet. Readers learn how to collect paper, cans, and bottles, sort materials, and understand why recycling matters. Simple text and clear illustrations encourage children to take part in helping the environment every day. | ||
| 521 | 8 |
_a300
_bLexile estimate |
|
| 521 | 8 |
_aG
_bRaz-Plus |
|
| 650 |
_aSchool _vRecycle |
||
| 700 |
_aChang, Tara Larsen _eIllusrator |
||
| 942 |
_2ddc _cBK _n0 |
||
| 999 |
_c8976 _d8976 |
||